| 000 | 00454nam a2200157Ia 4500 | ||
|---|---|---|---|
| 008 | 210716s1998 xx 000 0 und d | ||
| 020 | _a0070119015 | ||
| 041 | _aeng | ||
| 082 | _a657.044 HARB | ||
| 100 | _aHartman, Bart P;Harper, RObert M;Knoblett, James A;Reckers, Philip M. | ||
| 245 | _aIntermediate accounting. | ||
| 250 | _a2 | ||
| 260 |
_aOhio _bSouth western college publishing _c1998 |
||
| 300 | _axxv,1085,CI-3 | ||
| 650 | _aAccounting(657) | ||
| 999 |
_c202956 _d202956 |
||